Largest Island Countries A-Z - Statistics

General Stats
  • This quiz has been taken 1,693 times
  • The average score is 14 of 18
Answer Stats
Letter Island % Correct
A Australia
92%
J Japan
90%
M Madagascar
90%
I Indonesia
89%
H Haiti
87%
V Vanuatu
86%
C Cuba
84%
D Dominican Republic
83%
F Fiji
82%
K Kiribati
80%
N New Zealand
80%
U United Kingdom
78%
B Bahamas
77%
G Grenada
69%
S Sri Lanka
69%
P Papua New Guinea
68%
T Taiwan
67%
E East Timor
57%
No matching quizzes found
Score Distribution
Percent of People with Each Score
Percentile by Number Answered
Your Score History
You have not taken this quiz